|
|
|
|
| LEADER |
02226nam a2200505 a 4500 |
| 001 |
000708993 |
| 003 |
CZ BrMZK |
| 005 |
20090127111028.0 |
| 007 |
ta |
| 008 |
040319s2000 xr a e c 000 0 cze d |
| 015 |
|
|
|a cnb000980550
|
| 020 |
|
|
|a 80-86010-30-9
|q (brož.)
|
| 035 |
|
|
|a (OCoLC)46964670
|
| 040 |
|
|
|a ABA001
|b cze
|d BOA001
|
| 041 |
1 |
|
|a cze
|a eng
|h cze
|
| 043 |
|
|
|a e-xr---
|
| 045 |
|
|
|a x-y-
|
| 072 |
|
7 |
|a 72/76
|x Výtvarné umění
|2 Konspekt
|9 21
|
| 080 |
|
|
|a 72/76(437.3)
|2 MRF
|
| 080 |
|
|
|a 7.036/.038
|2 MRF
|
| 080 |
|
|
|a 73/77.02
|2 MRF
|
| 080 |
|
|
|a (437.3)
|2 MRF
|
| 080 |
|
|
|a (083.824)
|2 MRF
|
| 100 |
1 |
|
|a Kolář, Jiří,
|d 1914-2002
|7 jk01061244
|4 art
|
| 245 |
1 |
0 |
|a Příběhy Jiřího Koláře :
|b básníkovy výtvarné proměny = <<The >>stories of Jiří Kolář : poet's visual metamorphoses /
|c [katalog připravili Jan Rous a Marie Bergmanová]
|
| 246 |
3 |
1 |
|a <<The >>stories of Jiří Kolář :
|b poet's visual metamorphoses
|
| 260 |
|
|
|a Praha :
|b Gallery,
|c 2000
|
| 300 |
|
|
|a 81 s. :
|b barev. il. ;
|c 23 cm
|
| 500 |
|
|
|a Souběžný anglický text
|
| 500 |
|
|
|a Chronologický přehled
|
| 500 |
|
|
|a Katalog výstavy pořádané Národní galerií v Praze, Gallery a Moravskou galerií v Brně ... od 21. prosince 1999 do 15. března 2000 ve Veletržním paláci v Praze, od 14. září do 19. listopadu 2000 v Pražákově paláci v Brně
|
| 504 |
|
|
|a Obsahuje bibliografii
|
| 500 |
|
|
|a Dostupné též v digitální podobě v aplikaci Kramerius
|
| 600 |
1 |
7 |
|a Kolář, Jiří,
|d 1914-2002
|7 jk01061244
|2 czenas
|
| 648 |
|
7 |
|a 20.-21. století
|7 ch462155
|2 czenas
|
| 650 |
0 |
7 |
|a české výtvarné umění
|7 ph116865
|y 20.-21. stol.
|2 czenas
|
| 650 |
0 |
7 |
|a moderní umění
|7 ph115340
|z Česko
|2 czenas
|
| 650 |
0 |
7 |
|a koláže
|7 ph121736
|z Česko
|2 czenas
|
| 655 |
|
7 |
|a katalogy výstav
|7 fd132536
|2 czenas
|
| 700 |
1 |
|
|a Rous, Jan,
|d 1943-
|7 jk01102871
|4 edt
|
| 700 |
1 |
|
|a Bergmanová, Marie
|7 jn20010309473
|4 edt
|
| 856 |
4 |
1 |
|u http://www.digitalniknihovna.cz/mzk/uuid/uuid:6c870fc0-62ec-11f0-86db-5ef3fc9bb22f
|y Digitalizovaný dokument
|x NDK
|
| 910 |
|
|
|a BOA001
|b 2-1130.749
|
| 990 |
|
|
|a BK
|
| 996 |
6 |
|
|b 2610215586
|c 2-1130.749
|l MZK
|r Sklad / do 1 hodiny
|n 19
|p p.v.
|w 000708993
|u 000010
|a 1
|e BOA001
|j MZK50
|s P
|